Distritos de Sevilla por población - Estadísticas

Estadísticas generales
  • Esta prueba ha sido intentada 461 veces
  • La puntuación promedio es 8 de 11
Estadísticas de respuestas
Población Distrito % Correcto
46.926 Triana
93%
106.490 Este-Alcosa-Torreblanca
84%
74.682 Macarena
83%
51.084 Nervión
80%
25.525 Los Remedios
78%
69.274 Sur
74%
71.235 Norte
72%
89.563 Cerro-Amate
63%
59.068 San Pablo-Santa Justa
61%
42.284 Bellavista-La Palmera
60%
57.068 Casco Antiguo
46%
No se encontraron pruebas coincidentes
Distribución de puntuación
Porcentaje de gente con cada puntuación
Porcentaje por número respondido
Historial de tus puntuaciones
No has intentado esta prueba.